Monumentos en Costa Rica siglos XIX y XX. Historia de bronce y granito /
Sparad:
| Huvudupphovsman: | |
|---|---|
| Materialtyp: | Okänd |
| Språk: | Spanish |
| Ämnen: | |
| Taggar: |
Lägg till en tagg
Inga taggar, Lägg till första taggen!
|
MARC
| LEADER | 000000000a22000000004500 | ||
|---|---|---|---|
| 001 | 002930 | ||
| 041 | 0 | |a spa | |
| 100 | 1 | |a Brenes Tencio, Guillermo | |
| 245 | 1 | 0 | |a Monumentos en Costa Rica siglos XIX y XX. Historia de bronce y granito / |c Guillermo Brenes Tencio. |
| 310 | |a semestral | ||
| 650 | 4 | |a COSTA RICA | |
| 650 | 4 | |a HISTORIA | |
| 650 | 4 | |a MONUMENTOS HISTORICOS | |
| 650 | 4 | |a SIGLO XIX | |
| 650 | 4 | |a SIGLO XX | |
| 650 | 4 | |a EDAD DE BRONCE | |
| 650 | 4 | |a GRANITO | |
| 650 | 4 | |a ESTATUARIA CIVICA | |
| 773 | 0 | |x 1659-0066 |d San José, Costa Rica : Editorial de la Universidad de Costa Rica |t Revista Herencia |g volumen 17, número 1 (2005), páginas 27-47 | |
| 942 | |c ARC | ||
| 999 | |c 9965 |d 9965 | ||
